banner koha

Effects of extraction methods of phenolic compounds from Xanthium strumarium L. and their antioxidant activity (Registro n. 299322)

MARC details
000 -LÍDER
fixed length control field 02942nab a2200265 i 4500
003 - CÓDIGO MARC DA AGÊNCIA CATALOGADORA
Campo de controle BR-BrBNA
005 - DATA E HORA DA ÚLTIMA ATUALIZAÇÃO
Campo de controle 20240425111027.0
008 - CAMPO DE TAMANHO FIXO
fixed length control field 240425b2014 bl.qr|pooa||| 00| 0 eng |
040 ## - FONTE DA CATALOGAÇÃO
Agência catalogadora BR-BrBNA
Idioma da catalogação eng
072 ## - CATEGORIA AGRIS
Código AGRIS F60
100 ## - ENTRADA PRINCIPAL - NOME PESSOAL
Nome pessoal Scherer, R.
100 ## - ENTRADA PRINCIPAL - NOME PESSOAL
Nome pessoal Godoy, H.T.
245 ## - TÍTULO PRINCIPAL
Título principal Effects of extraction methods of phenolic compounds from Xanthium strumarium L. and their antioxidant activity
500 ## - NOTA GERAL
Nota geral Publicação on-line; 28 ref.; 3 tables; Summaries (En, Pt)
942 ## - ADDED ENTRY ELEMENTS (KOHA)
Koha item type
520 ## - NOTA DE RESUMO
Nota de conteúdo <br/><br/>RESUMO: <br/><br/>Foram avaliados os efeitos de métodos de extração e de solventes sobre o<br/>rendimento de extrato, conteúdo de fenólicos totais, atividade antioxidante, e composição dos<br/>compostos fenólicos de Xanthium strumarium L. A atividade antioxidante foi determinada pelo<br/>método do radical 2,2-difenil-1-picrilhidrazila (DPPH), e a composição dos compostos fenólicos<br/>foi determinada por cromatografia líquida de alta eficiência e por espectrometria de massas<br/>com ionização por electrospray. Todos os resultados foram afetados pelo método de extração e,<br/>principalmente pelo solvente utilizado, sendo que os melhores resultados foram obtidos com o<br/>solvente metanol. Os extratos metanólico e etanólico apresentaram forte ação antioxidante e os<br/>principais compostos fenólicos encontrados nos extratos foram os ácidos ferúlico e clorogênico.<br/><br/>Palavras-chave: Xanthium strumarium, carrapicho, atividade antioxidante, compostos fenólicos,<br/>IAA
520 ## - NOTA DE RESUMO
Nota de conteúdo <br/><br/>ABSTRACT: <br/><br/>Efeito de métodos de extração de compostos fenólicos de Xanthium<br/>strumarium L. e suas atividades antioxidantes. The effect of extraction methods and<br/>solvents on overall yield, total phenolic content, antioxidant activity, and the composition of the<br/>phenolic compounds in Xanthium strumarium extracts were studied. The antioxidant activity<br/>was determined by using 2,2-diphenyl-1-picrylhydrazyl radical (DPPH), and the composition of<br/>the phenolic compounds was determined by HPLC-DAD and LC/MS. All results were affected<br/>by the extraction method, especially by the solvent used, and the best results were obtained<br/>with the methanol extract. The methanolic and ethanolic extracts exhibited strong antioxidant<br/>activity, and the chlorogenic and ferulic acids were the most abundant phenolic compounds in<br/>the extracts.<br/><br/>Keywords: Xanthium strumarium, common cocklebur, antioxidant activity, phenolic compounds,<br/>AAI.
650 ## - ASSUNTO - THESAGRO
Cabeçalho tópico ou nome geográfico XANTHIUM STRUMARIUM
650 ## - ASSUNTO - THESAGRO
Cabeçalho tópico ou nome geográfico CARRAPICHO
650 ## - ASSUNTO - THESAGRO
Cabeçalho tópico ou nome geográfico ANTIOXIDANTE
650 ## - ASSUNTO - THESAGRO
Cabeçalho tópico ou nome geográfico COMPOSTO FENÓLICO
773 0# - ENTRADA ANALÍTICA
Host Biblionumber 3543
Registro do item 314768
Imprenta Botucatu-SP Instituto de Biociências - Departamento de Química e Bioquímica 1998
Outro identificador 2024-1020
Título Revista Brasileira de Plantas Medicinais (Brazil)
ISSN 1516-0572
Colação v. 16(1) p. 41-46; (2014)
Número de controle de registro BR2024000690
856 ## - ACESSO E ENDEREÇO ELETRÔNICO
Identificador uniforme de recurso - URI https://www.scielo.br/j/rbpm/a/QdYnzBYMxJxCmdnyHmYdqHN/?format=pdf&lang=en

Nenhum exemplar disponível.

BINAGRI

Telefone: (61)3218-2567/2388/3357/2097 - binagri@agro.gov.br

Ministério da Agricultura e Pecuária , Esplanada dos Ministérios, Bloco D, Anexo B, Brasília/DF, CEP: 70.043-900